Największe miasta 13 kolonii w 1775 roku z mapą - Statystyki

Ogólne statystyki
  • Ten quiz został rozwiązany 7 razy
  • Średni wynik to 4 z 36
Odpowiedzi na mapie
Odpowiedzi zakodowano w zielono-czerwonej skali na mapie do tego quizu, zgodnie z poniższymi procentami.
 
Statystyki odpowiedzi
Populacja Miasto % Poprawnych
25 000 Nowy Jork
100%
16 000 Boston
86%
20 000 Filadelfia
71%
5 900 Baltimore
43%
4 000 Albany
29%
12 000 Charleston
29%
8 300 New Haven
29%
4 300 Providence
29%
5 000 Hartford
14%
6 200 Norfolk
14%
4 300 Bridgewater
0%
6 700 Dartmouth
0%
4 900 Fairfield
0%
6 100 Farmington
0%
4 400 Gloucester
0%
4 400 Ipswich
0%
5 500 Lancaster
0%
4 000 Lebanon
0%
4 100 Lyme
0%
4 300 Marblehead
0%
4 100 Middleborough
0%
4 900 Middletown
0%
5 900 New London
0%
11 000 Newport
0%
6 600 Northern Liberties
0%
4 400 Norwalk
0%
7 300 Norwich
0%
4 500 Portsmouth
0%
4 200 Rehoboth
0%
5 300 Salem
0%
4 500 Sherburne
0%
4 500 Southwark
0%
5 400 Stonington
0%
5 600 Stratford
0%
4 900 Wallingford
0%
5 300 Woodbury
0%
Nie znaleziono quizów pasujących do podanych kryteriów
Rozkład punktacji
Procent ludzi z każdym wynikiem
Percentyl według liczby udzielonych odpowiedzi
Twoja historia wyników
Nie rozwiązałeś tego quizu